Measuring Efficiency by Using Selected Determinants in Regional SMEs

Hodnotenie efektívnosti podnikov. Odvetvová štruktúra malých a stredných podnikov (MSP) v rámci Slovenska aj v porovnaní s ostatnými krajinami Európskej únie a manažérske determinanty ich efektívnosti. Výskumná vzorka podnikov ukazujúca metódu lepšieho varovania pred bankrotom predpovedaním udržateľ...

Ausführliche Beschreibung

Gespeichert in:
Bibliographische Detailangaben
1. Verfasser: Mura, Ladislav
Weitere Verfasser: Hajduová, Zuzana, 1974-
Format: Buchkapitel
Sprache:Englisch
Schlagworte:
Tags: Tag hinzufügen
Keine Tags, Fügen Sie das erste Tag hinzu!

MARC

LEADER 00000naa a2200000 4500
001 0272717
005 20250805093714.9
041 0 |a eng 
044 |a LT 
245 1 0 |a Measuring Efficiency by Using Selected Determinants in Regional SMEs  |c Ladislav Mura, Zuzana Hajduová 
520 |a Hodnotenie efektívnosti podnikov. Odvetvová štruktúra malých a stredných podnikov (MSP) v rámci Slovenska aj v porovnaní s ostatnými krajinami Európskej únie a manažérske determinanty ich efektívnosti. Výskumná vzorka podnikov ukazujúca metódu lepšieho varovania pred bankrotom predpovedaním udržateľnosti podniku. Analýza vybraného segmentu služieb v jednotlivých regiónoch Slovenska na základe metodiky DEA. Rozdiely v sektore MSP v jednotlivých regiónoch Slovenska. Výsledky definovanej efektívnosti podnikateľských subjektov. Určenie faktorov, potrebných zmeniť, aby uvedený subjekt vykazoval známky efektívneho riadenia. 
610 2 0 |a výkonnosť podniku 
610 2 0 |a efektívnosť podnikania 
610 2 0 |a ukazovatele efektívnosti 
610 2 0 |a účinnosť ekonomická 
610 2 0 |a podnik malý 
610 2 0 |a podnik stredný 
610 2 0 |a analýza korelačná 
610 2 0 |a Slovensko 
610 2 0 |a regióny 
100 1 |a Mura, Ladislav 
700 1 |a Hajduová, Zuzana, 1974-